| 000 | 00689nam a2200217Ia 4500 | ||
|---|---|---|---|
| 003 | OSt | ||
| 005 | 20241016101624.0 | ||
| 008 | 210210b2007 xxu||||| |||| 00| 0 eng d | ||
| 040 | _cAL | ||
| 041 | _aeng | ||
| 082 | _a301.02 AJAC | ||
| 100 |
_aAJAZ (S M) _9182460 |
||
| 245 |
_aCompetition refresher Rev Ed.13 _bCareers guide: objective sociology: objective type with study material for UPSC civil services (preliminary) PCS and other competitive examinations |
||
| 260 |
_aDelhi _bBright Careers Institute _c2007 |
||
| 300 | _aviii,464 | ||
| 650 |
_aEntrance Exams _9182463 |
||
| 690 |
_aSociology _9182461 |
||
| 700 |
_aBRIGHT (P S) _9182462 |
||
| 906 | _a061954 | ||
| 942 |
_2ddc _cBK |
||
| 999 |
_c115820 _d115820 |
||